书目信息 |
| 题名: |
工控系统信息安全
|
|
| 作者: | 姬五胜 , 李国良 著 | |
| 分册: | ||
| 出版信息: | 北京 电子工业出版社 2025.01 |
|
| 页数: | XI, 194页 | |
| 开本: | 26cm | |
| 丛书名: | 信息安全知识赋能工程 | |
| 单 册: | ||
| 中图分类: | TP273 | |
| 科图分类: | ||
| 主题词: | 工业控制系统--gong ye kong zhi xi tong--安全防护 | |
| 电子资源: | ||
| ISBN: | 978-7-121-49252-5 | |
| 000 | 01496nam 2200289 450 | |
| 001 | 90080 | |
| 005 | 20250815105028.79 | |
| 010 | @a978-7-121-49252-5@dCNY79.00 | |
| 100 | @a20250328d2025 em y0chiy50 ea | |
| 101 | 0 | @achi |
| 102 | @aCN@b110000 | |
| 105 | @aa a 000yy | |
| 106 | @ar | |
| 200 | 1 | @a工控系统信息安全@Agong kong xi tong xin xi an quan@e智能制造背景下的数字化安全保障@f姬五胜, 李国良著 |
| 210 | @a北京@c电子工业出版社@d2025.01 | |
| 215 | @aXI, 194页@c图@d26cm | |
| 225 | 2 | @a信息安全知识赋能工程@Axin xi an quan zhi shi fu neng gong cheng |
| 320 | @a有书目 (第193-194页) | |
| 330 | @a本书共3个部分, 第1部分为工控系统及其信息安全概述, 包括工控系统的历史演进与智能制造的趋势、工控系统信息安全的重要性、工控系统的智能化安全架构设计, 为后续章节的讨论奠定基础 ; 第2部分为工控系统信息安全保障实践, 包括工业控制网络的安全、工控系统的身份认证与访问控制、工控系统的漏洞管理与应急响应、工控系统的数据安全与隐私保护, 系统地介绍各种关键安全问题的解决方法 ; 第3部分为工控系统信息安全未来展望, 包括智能制造背景下的工控系统创新保障、工控系统智能化的发展趋势, 探讨新兴技术在工控系统中的应用。 | |
| 410 | 0 | @12001 @a信息安全知识赋能工程 |
| 517 | 1 | @a智能制造背景下的数字化安全保障@Azhi neng zhi zao bei jing xia de shu zi hua an quan bao zhang |
| 606 | 0 | @a工业控制系统@Agong ye kong zhi xi tong@x安全防护 |
| 690 | @aTP273@v5 | |
| 701 | 0 | @a姬五胜@Aji wu sheng@4著 |
| 701 | 0 | @a李国良@Ali guo liang@4著 |
| 801 | 0 | @aCN@c20250909 |
| 905 | @a河南城建学院图书馆@dTP273@eJ037@f1 | |
| 工控系统信息安全:智能制造背景下的数字化安全保障/姬五胜, 李国良著.-北京:电子工业出版社,2025.01 |
| XI, 194页:图;26cm.-(信息安全知识赋能工程) |
| ISBN 978-7-121-49252-5:CNY79.00 |
| 本书共3个部分, 第1部分为工控系统及其信息安全概述, 包括工控系统的历史演进与智能制造的趋势、工控系统信息安全的重要性、工控系统的智能化安全架构设计, 为后续章节的讨论奠定基础 ; 第2部分为工控系统信息安全保障实践, 包括工业控制网络的安全、工控系统的身份认证与访问控制、工控系统的漏洞管理与应急响应、工控系统的数据安全与隐私保护, 系统地介绍各种关键安全问题的解决方法 ; 第3部分为工控系统信息安全未来展望, 包括智能制造背景下的工控系统创新保障、工控系统智能化的发展趋势, 探讨新兴技术在工控系统中的应用。 |
| ● |
| 相关链接 |
|
|
|
正题名:工控系统信息安全
索取号:TP273/J037
 
预约/预借
| 序号 | 登录号 | 条形码 | 馆藏地/架位号 | 状态 | 备注 |
| 1 | 1624042 | 216240422 | 自科库301/ [索取号:TP273/J037] | 在馆 |